00657nam a2200217 a 450000500170000000800410001704000250005804100080008304400070009110000350009824501160013326000530024930000100030265000300031265000150034265000100035765000300036765000160039765000130041366200130042620160826135121.0140220b1994 ck |||||rm||| 00| 0 spa d aCO-BoIAVHcCO-BoIAVH aspa ack1 aJiménez Segura, Luz Fernanda10aComunidad íctica presente en la zona de los Gramalotes ubicados sobre el margen colombiano del río Amazonas aBogotábUniversidad Nacional de Colombiac1994 a75 p. aEcología de comunidades aGramalotes aPeces aBiología de una especie aInventarios aBiotopos aColombia